000
00294nam a22001217a 4500
020
_a
87345-031-0
082
_a
694.1 FRY'G
100
_a
LABERGE, ARMAND J,FRYKLUND, V. C
_9
75317
245
_a
GENERAL SHOP WOODWORKING
260
_a
BLOOMINGTON
_b
MCKNIGHT
_c
1972
300
_a
240P
942
_c
BK
999
_c
580757
_d
580757